Score 0/14 Timer 01:30
2 Plays Today
Hint Country % Correct
N_w Z_a_andNew Zealand
94.4%
T_ngaTonga
94.1%
Au_t_a_iaAustralia
92.9%
_a_ua N_w Guin_aPapua New Guinea
92.7%
FijiFiji
92.6%
VanuatuVanuatu
91.4%
Tuva_uTuvalu
90.2%
Hint Country % Correct
Ki_ibatiKiribati
89.4%
Nau_uNauru
88.5%
Mi_ _ _n_ _iaMicronesia
82.8%
_a_auPalau
80.6%
Ma_ _ha_ _ I_ _and_Marshall Islands
78.4%
_am_aSamoa
76.1%
_ _ _ _m_n I_ _and_Solomon Islands
75.2%
Remove Ads.
Support Sporcle.
Get the best of Sporcle when you Go Orange. This ad-free experience offers more features, more stats, and more fun while also helping to support Sporcle. Thank you for becoming a member.

You're not logged in!

Compare scores with friends on all Sporcle quizzes.
OR
Log In

Show Comments

Extras

Top Quizzes Today


Score Distribution

Your Account Isn't Verified!

In order to create a playlist on Sporcle, you need to verify the email address you used during registration. Go to your Sporcle Settings to finish the process.

Report this User

Report this user for behavior that violates our Community Guidelines.

Details: